Bo Burnham: Inside - Songs - Statistics

General Stats
  • This quiz has been taken 618 times
  • The average score is 15 of 20
Answer Stats
Answer % Correct
Welcome to the Internet
92%
Content
86%
Goodbye
84%
Comedy
83%
White Woman's Instagram
82%
Sexting
79%
All Eyes On Me
78%
Bezos I
77%
Bezos II
77%
How the World Works
77%
Look Who's Inside Again
76%
30
73%
Problematic
73%
Shit
73%
That Funny Feeling
73%
Unpaid Intern
71%
FaceTime with my Mom (Tonight)
66%
Any Day Now
65%
All Time Low
60%
Don't Wanna Know
55%
No matching quizzes found
Score Distribution
Percent of People with Each Score
Percentile by Number Answered
Your Score History
You have not taken this quiz